| 000 | 00396nam a2200157Ia 4500 | ||
|---|---|---|---|
| 100 | _aPaddock/J.O/ Galvin/R.A.W | ||
| 650 | _aElectrical Engineering | ||
| 942 | _cBK | ||
| 654 | _aElectrical Installastion And Practical | ||
| 245 | _aElectrical Installastion And Practical | ||
| 260 |
_bHodder _aLondon _c1983 |
||
| 082 |
_a621.3 _bPad/Gal |
||
| 300 | _a272 | ||
| 546 | _aENGLISH | ||
| 999 |
_c26892 _d26892 |
||